Gender stereotyping (Record no. 1464173)

MARC details
000 -LEADER
fixed length control field 00656 a2200205 4500
005 - DATE AND TIME OF LATEST TRANSACTION
control field 20251211134800.0
008 - FIXED-LENGTH DATA ELEMENTS--GENERAL INFORMATION
fixed length control field 251211b |||||||| |||| 00| 0 eng d
020 ## - INTERNATIONAL STANDARD BOOK NUMBER
International Standard Book Number 9781984694416 (pbk)
037 ## - SOURCE OF ACQUISITION
Terms of availability TB
040 ## - CATALOGING SOURCE
Original cataloging agency AL
Transcribing agency AL
041 ## - LANGUAGE CODE
Source of code eng
Language code of text/sound track or separate title eng
084 ## - COLON CLASSIFICATION NUMBER
Classification number Y15:7:7 R5
Assigning agency AL
100 ## - MAIN ENTRY--PERSONAL NAME
Personal name Reed, Hannah
9 (RLIN) 846811
245 ## - TITLE STATEMENT
Title Gender stereotyping
260 ## - PUBLICATION, DISTRIBUTION, ETC.
Place of publication, distribution, etc. New York, USA:
Name of publisher, distributor, etc. 3G E-Learning,
Date of publication, distribution, etc. 2025.
300 ## - PHYSICAL DESCRIPTION
Extent xviii, 294p.
365 ## - TRADE PRICE
Price amount 6999.00
Currency code INR
942 ## - ADDED ENTRY ELEMENTS (KOHA)
Koha item type Textbook
Source of classification or shelving scheme Colon Classification (CC)
Suppress in OPAC No
Classification part Y15:7:7 R5
Holdings
Withdrawn status Lost status Source of classification or shelving scheme Damaged status Not for loan Home library Current library Date acquired Source of acquisition Cost, normal purchase price Inventory number Total Checkouts Full call number Barcode Date last seen Cost, replacement price Price effective from Koha item type
    Colon Classification (CC)     Arts Library Arts Library 2025-11-07 35/ Indica Publisher & Distributors Pvt. Ltd. 5599.20 2025-26/672 & 2025-10-13   Y15:7:7 R5 AL1804904 2025-11-07 6999.00 2025-11-07 Textbook
Copyright @ Delhi University Library System